00233nam a2200097Ia 4500008004100000041000800041082001400049100001800063245004500081260000900126240625s9999 xx 000 0 und d aeng a658.5 FIN aFINCH BYRON J aOPERATIONS NOW SUPPLY CHAIN PROFITABILIT c2007